| 000 | 00515nam a22001337a 4500 | ||
|---|---|---|---|
| 082 | _aMSEE-3 NIA | ||
| 100 |
_aQasim Khan Niazi _999050 |
||
| 245 | _aStatistical methods for the classification of agriculture products using infrared spectroscopy | ||
| 260 |
_aIslamabad _bNUST-SEECS _c2015 |
||
| 300 |
_a117p. _b27cm. _eCD Includes |
||
| 500 | _aSupervisors: Amir Ali Khan, Dr. M. Shahzad Younis, Dr. Khawar Khurshid, Dr. Ali Bahadur | ||
| 856 | _uhttp://10.250.8.41:8080/xmlui/handle/123456789/6506 | ||
| 942 |
_cPR _2ddc |
||
| 999 |
_c13698 _d13698 |
||